000 00756cam a22002651 4500
001 sa 65008618
003 DLC
005 20260227112156.0
008 900214s1961 ii 000 0 sano
010 _asa 65008618
035 _a(OCoLC)21064864
040 _aDLC
_cWaU
_dDLC
041 0 _asanhin
050 0 0 _aB132.Y6
_bP264 1961a
100 0 _aPatañjali.
245 1 0 _aPātañjala Yogadarśanam.
260 _c1961.
300 _a5, 12, 4, 8, 520, 7 p.
_c19 cm.
500 _aHindi and Sanskrit; introductory matter in Hindi.
650 0 _aYoga.
700 0 _aVijñānāśrama,
_cSwami.
700 0 _aVyāsa.
_tYogabhāṣya.
700 0 _aBhojarāja,
_cKing of Malwa,
_dactive 11th century.
_tRājamārtaṇḍa.
740 0 _aYogadarśanam.
999 _c65736
_d65736